000
00399nam a22001697a 4500
003
MPLRDC
005
20220104123344.0
008
210129b ||||| |||| 00| 0 eng d
082
_a
857.61 ZJM
100
_a
郑镜明等著
245
_a
代沟
_c
250
_a
初版
260
_a
_b
香港高原出版社
_c
1978
300
_b
平
650
_a
短篇小说--总集
942
_c
BK
_o
857.61 ZJM
999
_c
10762
_d
10752